000 00921cab a2200265 4500
001 ABS59361
008 090401t1998 xxu||||| |||| 00| 0 eng d
035 _a(Sirsi) u88563
041 _aeng
100 _aDixon, T.
245 _aRating and valuation: Revaluation 2000 - a valuer`s view
260 _c1998
350 _a0
490 _aIRRV Insight
_vSeptember 1998, 14-15(2)
520 _aReviews the government`s preparations for the 2000 revaluation which comes at a time when a technical study of the business rate system is being carried out and the valuation tribunals service is being reviewed. Considers what developments could arise from these reviews.
650 _aBUSINESS RATES
650 _aRATING
650 _aREFORMS
650 _aRATING REVALUATION 2000
650 _aREVIEW
650 _aVALUATION TRIBUNALS
690 _aRATING AND VALUATION
942 _n0
948 _c21/09/1998
999 _c55972
_d55972